Prameň využitý do poslednej kvapky

Aljaška - najsevernejší štát USA. Inovatívne a šetrné prístupy k využitiu miestnych prírodných zdrojov. Termálny prameň bohatý na sírany, chloridy a sodíkové uhličitany. Geotermálna elektráreň na vykurovanie domov, hotela a skleníkov. Priestor pre hydropóniu. Využitie horúceho termálneho prameňa aj...

Full description

Saved in:
Bibliographic Details
Main Author: Kšiňanová, Marína
Format: Book Chapter
Language:Slovak
Subjects:
Tags: Add Tag
No Tags, Be the first to tag this record!

MARC

LEADER 00000naa a2200000 4500
001 0224387
005 20231113084023.3
041 0 |a slo 
044 |a SK 
245 1 0 |a Prameň využitý do poslednej kvapky  |c Marína Kšiňanová 
520 |a Aljaška - najsevernejší štát USA. Inovatívne a šetrné prístupy k využitiu miestnych prírodných zdrojov. Termálny prameň bohatý na sírany, chloridy a sodíkové uhličitany. Geotermálna elektráreň na vykurovanie domov, hotela a skleníkov. Priestor pre hydropóniu. Využitie horúceho termálneho prameňa aj pri udržiavaní celoročného múzea ľadu. 
610 2 0 |a zdroje energie alternatívne 
610 2 0 |a zdroje energie prírodné 
610 2 0 |a energia geotermálna 
610 2 0 |a rastliny priemyselné 
610 2 0 |a voda termálna 
610 2 0 |a podnikanie 
610 2 0 |a kúpele 
610 2 0 |a Amerika 
100 1 |a Kšiňanová, Marína